Score 0/22 Timer 02:00
3 Plays Today
Movie Title Missing Word % Correct
The ____ Wears PradaDevil
97.6%
When Harry ____ Sally...Met
97.1%
My Big Fat ____ WeddingGreek
97%
____ at Tiffany'sBreakfast
95.7%
____ with the WindGone
95.7%
____ DancingDirty
94.5%
Sleepless in ____Seattle
94.4%
My Best Friend's ____Wedding
93.8%
Bridget Jones's ____Diary
93.3%
Runaway ____Bride
93.1%
Pretty ____Woman
90.3%
Movie Title Missing Word % Correct
____ Weddings and a FuneralFour
88.3%
You've Got ____Mail
87.4%
The ____ DiariesPrincess
85.7%
____ of the BrideFather
85.1%
____ and LouiseThelma
82.4%
Terms of ____Endearment
80.6%
Sense and ____Sensibility
77.6%
Fried Green ____Tomatoes
76.8%
Steel ____Magnolias
72.2%
____ HillNotting
63.8%
Raising ____Helen
46.4%

Today's Daily Dose

Remove Ads.
Support Sporcle.
Get the best of Sporcle when you Go Orange. This ad-free experience offers more features, more stats, and more fun while also helping to support Sporcle. Thank you for becoming a member.

You're not logged in!

Compare scores with friends on all Sporcle quizzes.
OR
Log In

Show Comments

Extras

Top Quizzes Today


Score Distribution

Your Account Isn't Verified!

In order to create a playlist on Sporcle, you need to verify the email address you used during registration. Go to your Sporcle Settings to finish the process.

Report this User

Report this user for behavior that violates our Community Guidelines.

Details: